Parti politique de la Belgique - Statistiques

Statistiques générales
  • Ce quiz a été pris 287 fois
  • Le résultat moyen est 9 sur 15
Statistiques - réponses
Hint Réponse % Correct
Paul Magnette PS
99%
Georges-Louis Bouchez MR
97%
Jean-Marc Nollet et Rajae Maouane Ecolo
94%
Bart De Wever NVA
92%
Tom Van Grieken Vlaams Belang
87%
Peter Mertens PTB/PVDA
80%
Maxime Prévot cdH
71%
François De Smet DéFI
70%
Meyrem Almaci Groen
67%
Egbert Lachaert Open VLD
62%
Joachim Coens CD&V
59%
Conner Rousseau SP.A
45%
Luc Frank CSP
3%
Constance Adonis Villalon DierAnimal
3%
Kattrin Jadin PFF
3%
Aucun quiz correspondant
Distribution des résultats
% des personnes avec chaque résultat
Percentile par nombre de réponses
Votre historique - résultats
Vous n’avez pas pris ce quiz